Hermandades de Sevilla - Estadísticas

Estadísticas generales
  • Esta prueba ha sido intentada 535 veces
    42 desde el último reinicio
  • La puntuación promedio es 50 de 72
Estadísticas de respuestas
Respuesta % Correcto
La Borriquita
96%
Los Gitanos
96%
El Cachorro
92%
Esperanza de Triana
92%
La Resurrección
92%
Macarena
92%
Silencio
92%
Gran Poder
88%
San Pablo
88%
Calvario
85%
El Amor
85%
La Cena
85%
La Estrella
85%
San Benito
85%
San Gonzalo
85%
Jesús Despojado
81%
Las Aguas
81%
Los Panaderos
81%
Pasión
81%
El Cerro
77%
La Amargura
77%
La Hiniesta
77%
La Lanzada
77%
La O
77%
La Paz
77%
Montesión
77%
San Roque
77%
Santa Genoveva
77%
El Baratillo
73%
El Carmen
73%
Las Cigarreras
73%
La Sed
73%
La Trinidad
73%
Redención
73%
San Bernardo
73%
Santa Marta
73%
El Sol
69%
Las Penas
69%
Los Estudiantes
69%
Los Negritos
69%
Montserrat
69%
Santo Entierro
69%
Soledad de San Lorenzo
69%
El Museo
65%
La Milagrosa
65%
Los Javieres
65%
San Esteban
65%
Siete Palabras
65%
Buen Fin
62%
Dulce Nombre
62%
La Candelaria
62%
La Carretería
62%
Los Servitas
62%
Pino Montano
62%
Sagrada Mortaja
62%
Vera Cruz
62%
Cristo de Burgos
58%
La Exaltación
58%
Quinta Angustia
58%
San Isidoro
58%
Santa Cruz
58%
Soledad de San Buenaventura
58%
El Valle
54%
Padre Pío
54%
Torreblanca
54%
Bellavista
50%
La Misión
46%
Bendición y Esperanza
38%
La Corona
38%
Pasión y Muerte
38%
San José Obrero
38%
Divino Perdón de Alcosa
27%
No se encontraron pruebas coincidentes
Distribución de puntuación
Porcentaje de gente con cada puntuación
Porcentaje por número respondido
Historial de tus puntuaciones
No has intentado esta prueba desde el último reinicio